| 000 | 01096nam a2200313 a 4500 | ||
|---|---|---|---|
| 001 | vtls000076345 | ||
| 003 | NLI | ||
| 005 | 20210601193530.0 | ||
| 008 | 101125s1972 ne 000 0 eng | ||
| 020 |
_a9024715229 (pbk) : _cFl 20 |
||
| 039 | 9 |
_y201011250809 _zVLOAD |
|
| 040 | 0 |
_aNLI _beng _cEntertech-2003 _eAACR2 |
|
| 041 | 1 |
_aeng _hfre |
|
| 044 | _ane | ||
| 082 | 0 | 4 | _a121.8082 |
| 245 | 0 | 0 |
_aHuman sciences and the problem of values = Les Sciences Humaines et le Problime des Valeurs / _cedited by K. Kuypers |
| 246 | 0 | 1 | _aLes Sciences Humaines et le Problime des Valeurs |
| 260 |
_aThe Hague : _bMartinus Nijhoff, _cc1972 |
||
| 300 |
_a104 p. ; _c23 cm. |
||
| 500 | _aInternational Institute of Philosophy Entretiens in Amsterdam 8-11 September 1971 | ||
| 650 | 0 |
_aHumanities _xAddresses, essays, lectures _9177067 |
|
| 650 | 0 |
_aWorth _xAddresses, essays, lectures _9177068 |
|
| 700 | 1 |
_aKuypers, K, _4edt _9177069 |
|
| 887 | _a | ||
| 901 |
_a436929 _b25.08.1977 |
||
| 902 | _aE121.8082 K969 | ||
| 949 |
_AVIRTUAITEM _D10000 _X100 _6PUR000436929ENG |
||
| 942 |
_2ddc _cBKS |
||
| 999 |
_aVIRTUA00 _c78956 _d78956 |
||